000 00404nam a22001577a 4500
003 OSt
008 250827b |||||||| |||| 00| 0 eng d
041 _aeng
082 _a915.4
_bSAR/ZE
100 _aSarojam
_97788
245 _aZeropoint /
_bസീറോപോയിന്റ്
260 _aThiruvananthapuram :
_bMythri Books,
_c2015.
300 _a146 p.
650 _aTravelogue
_94788
942 _cBK
999 _c19479
_d19479